000 00335nam a2200157Ia 4500
100 _aAshok Kumar/L
650 _aPower electronics
942 _cBK
366 _f25
245 _aPower electronics with MATLAB
260 _bCambridge University Press
_c2018
082 _bASH
300 _a518
546 _aENGLISH
999 _c20176
_d20176